Oscillation of nonlinear impulsive differential equations with piecewise constant arguments

Elmentve itt :
Bibliográfiai részletek
Szerzők: Karakoç Fatma
Arzu Öğün Ünal
Bereketoğlu Hüseyin
Dokumentumtípus: Folyóirat
Megjelent: 2013
Sorozat:Electronic journal of qualitative theory of differential equations
Kulcsszavak:Differenciálegyenlet - nemlineáris
Online Access:http://acta.bibl.u-szeged.hu/42549
LEADER 00786nas a2200205 i 4500
001 acta42549
005 20260224081030.0
008 170517s2013 hu o 000 hun d
022 |a 1417-3875 
040 |a SZTE Egyetemi Kiadványok Repozitórium  |b hun 
041 |a hun 
100 1 |a Karakoç Fatma 
245 1 0 |a Oscillation of nonlinear impulsive differential equations with piecewise constant arguments  |h [elektronikus dokumentum] /  |c  Karakoç Fatma 
260 |c 2013 
300 |a 1-12 
490 0 |a Electronic journal of qualitative theory of differential equations 
695 |a Differenciálegyenlet - nemlineáris 
700 0 1 |a Arzu Öğün Ünal  |e aut 
700 0 1 |a Bereketoğlu Hüseyin  |e aut 
856 4 0 |u http://acta.bibl.u-szeged.hu/42549/1/ejqtde_2013_049_001-012.pdf  |z Dokumentum-elérés